000 00508 a2200205 4500
003 Nust
005 20170207154014.0
020 _a1-85486-246-4
020 _a978-1-85486-246-4
035 _a(Mo)b1640374
040 _cNust
082 0 4 _a621.46
100 1 _aCox, Jim
245 1 0 _aElectric motors-(E-BOOK)
_cJim Cox
250 _a2. ed.
260 _aPoole, Dorset :
_bSpecial Interest Model Books,
_c2006
300 _a152 s. :
_bill. ;
_c21 cm
440 0 _aWorkshop practice series ;
_v16
655 4 _aBok
942 _2ddc
_cBK
999 _c191329
_d191329